La era de los oligopolios de la comunicación /

Uloženo v:
Podrobná bibliografie
Hlavní autor: Faingezicht de Fishman, Aída
Médium: Text
Témata:
Tagy: Přidat tag
Žádné tagy, Buďte první, kdo vytvoří štítek k tomuto záznamu!

MARC

LEADER 00000 a a2200000 04500
001 5032
003
040
100 |a Faingezicht de Fishman, Aída  
245 |a La era de los oligopolios de la comunicación /  |c Aída Faingezicht de Fishman 
650 |a COMUNICACION  
650 |a ECONOMIA  
650 |a NEOLIBERALISMO  
650 |a MEDIOS DE COMUNICACION  
650 |a ESTADO  
773 |g volumen 24, número 3; páginas 111-117  
999 |c 24770  |d 24770